| 000 | 01220nac a22002651u 4500 | ||
|---|---|---|---|
| 010 | _a 2005001262 | ||
| 020 | _a0471679429 (acid-free paper) | ||
| 020 | _a9780471679424 | ||
| 035 | _a(OCoLC)ocm57557688 | ||
| 082 | 0 | 0 |
_a665.538 _bSp324 |
| 090 |
_c2167 _d2167 |
||
| 100 | _aSpeight, J. G. | ||
| 245 | 1 | 0 |
_aEnvironmental analysis and technology for the refining industry / _cJames G. Speight. |
| 260 |
_aHoboken, N.J. : _bWiley-Interscience,2005 _c2005. |
||
| 300 |
_axii, 349 p. : _bill. ; _c25 cm. |
||
| 440 | 0 |
_aChemical analysis ; _vv. 168 |
|
| 504 | _aIncludes bibliographical references and index. | ||
| 650 | 0 |
_aPetroleum refineries _xWaste disposal _xEnvironmental aspects. |
|
| 650 | 0 |
_aPetroleum waste _xManagement. |
|
| 856 | 4 | 1 |
_3Table of contents only _uhttp://www.loc.gov/catdir/toc/ecip056/2005001262.html |
| 856 | 4 | 1 |
_3Publisher description _uhttp://www.loc.gov/catdir/enhancements/fy0645/2005001262-d.html |
| 856 | 4 | 1 |
_3Contributor biographical information _uhttp://www.loc.gov/catdir/enhancements/fy0645/2005001262-b.html |
| 942 |
_cBB _k665.5Sp324 |
||
| 999 |
_c2167 _d2167 |
||